000 00533nam a2200181Ia 4500
008 090124s9999 xx 000 0 und d
082 _b138
_a1982
100 _aकिरकिरे वि.भा.
245 _a देव मामलेदार
250 _a1
260 _c1903
300 _a3+107
600 _aकिरकिरे वि.भा.
630 _a देव मामलेदार
700 _aकिरकिरे वि.भा.
730 _a देव मामलेदार
942 _cBOOK
999 _c114099
_d114099